00505nam a2200193 a 4500001001300000003000900013005001700022008004100039020001000080082001700090100002400107245002900131260004500160300000800205500003500213505001300248650002600261700002400287nice12345678IN_TiNIC20260116015054.0050524s1996 dela grp 000 0 eng  ac10000a248.843bARI aAriarajah, S Wesley aDid I Betray the Gospel? aDelhibIntercultural Publications c1996 a58p aincludes index and biblioraphy2 aAppendix aWomen in Christianity1 aAriarajah, S Wesley